<?xml version="1.0" encoding="UTF-8"?>
<record
    xmlns:xsi="http://www.w3.org/2001/XMLSchema-instance"
    xsi:schemaLocation="http://www.loc.gov/MARC21/slim http://www.loc.gov/standards/marcxml/schema/MARC21slim.xsd"
    xmlns="http://www.loc.gov/MARC21/slim">

  <leader>01878nam a22001457a 4500</leader>
  <datafield tag="999" ind1=" " ind2=" ">
    <subfield code="c">529898</subfield>
    <subfield code="d">529898</subfield>
  </datafield>
  <controlfield tag="008">250514b           ||||| |||| 00| 0 eng d</controlfield>
  <datafield tag="100" ind1=" " ind2=" ">
    <subfield code="a">Gonalons-Pons, Pilar and  Marinescu, Ioana   </subfield>
    <subfield code="9">53036</subfield>
  </datafield>
  <datafield tag="245" ind1=" " ind2=" ">
    <subfield code="a">Care labor and family income inequality: How childcare costs exacerbate inequality among U.S. families</subfield>
  </datafield>
  <datafield tag="260" ind1=" " ind2=" ">
    <subfield code="a">American Sociological Review </subfield>
  </datafield>
  <datafield tag="300" ind1=" " ind2=" ">
    <subfield code="a">89(6), Dec, 2024: p.1075-1103 </subfield>
  </datafield>
  <datafield tag="520" ind1=" " ind2=" ">
    <subfield code="a">Care infrastructures are essential for supporting families and enabling women&#x2019;s participation in the labor market, but they also have implications for family income inequality. This article examines access to childcare services in the United States as a case study. We propose that market-priced childcare systems generate inequalities in how births affect mothers&#x2019; contributions to family income, because they constrain post-birth labor supply for lower-income women more than for higher-income women, and aggravate family income inequality as a result. Using the Survey of Income and Program Participation (SIPP) merged with state-level childcare prices, we estimate individual fixed-effects regression models for the consequences of births on family income and its proximate determinants: mothers&#x2019; labor supply and earnings, and partners&#x2019; labor supply and earnings. We find that childcare prices increase post-birth earnings losses for mothers without college degrees, but not for mothers with college degrees, and these losses are not compensated for by increases in partners&#x2019; earnings or by income transfers. As a result, childcare costs exacerbate family income gaps between partnered women with and without a college degree by 34 percentage points.- Reproduced 

https://journals.sagepub.com/doi/full/10.1177/00031224241297247
</subfield>
  </datafield>
  <datafield tag="650" ind1=" " ind2=" ">
    <subfield code="a">Gender, Care, Family, Inequality. </subfield>
    <subfield code="9">53037</subfield>
  </datafield>
  <datafield tag="773" ind1=" " ind2=" ">
    <subfield code="a">American Sociological Review </subfield>
  </datafield>
  <datafield tag="942" ind1=" " ind2=" ">
    <subfield code="c">AR</subfield>
  </datafield>
  <datafield tag="952" ind1=" " ind2=" ">
    <subfield code="0">0</subfield>
    <subfield code="1">0</subfield>
    <subfield code="2">ddc</subfield>
    <subfield code="4">0</subfield>
    <subfield code="7">0</subfield>
    <subfield code="9">405084</subfield>
    <subfield code="a">IIPA</subfield>
    <subfield code="b">IIPA</subfield>
    <subfield code="d">2025-05-14</subfield>
    <subfield code="h">89(6), Dec, 2024: p.1075-1103 </subfield>
    <subfield code="p">AR135729</subfield>
    <subfield code="r">2025-05-14</subfield>
    <subfield code="y">AR</subfield>
  </datafield>
</record>
